Estatutos de la Sociedad Española de Tiro al Blanco
Descripción Física:
15 p. ; 15 cm
MARC
| LEADER | 00000nam a2200000Ia 4500 | ||
|---|---|---|---|
| 001 | 16506 | ||
| 008 | 160829s1897 xx 000 0 cat d | ||
| 080 | |a 2968, exp. 12 | ||
| 100 | |a Sociedad Española de Tiro al Blanco |9 48254 | ||
| 245 | |a Estatutos de la Sociedad Española de Tiro al Blanco | ||
| 260 | |a Buenos Aires : |b (Talleres Gráficos de 'El correo español'), |c 1897 | ||
| 300 | |a 15 p. ; |c 15 cm | ||
| 650 | |a Sociedad Española de Tiro al Blanco |x Estatuts |9 48255 | ||
| 901 | |a Arxiu | ||
| 942 | |n 1 | ||
| 952 | |0 0 |1 0 |4 0 |6 2968_EXP_12 |7 1 |9 54425 |a Arxiu |b Arxiu |d 2016-12-01 |l 0 |o 2968, exp. 12 |p 16506 |r 2016-12-01 00:00:00 |w 2016-12-01 |y ARXIU | ||
| 999 | |c 58294 |d 58294 | ||